|
|
|
|
| LEADER |
00000nab a2200000 a 4500 |
| 001 |
vtls011567140 |
| 003 |
SK-MaSNL |
| 005 |
20260303184803.0 |
| 008 |
160714|20160628xo z||p 000 0 slo |
| 038 |
|
|
|a KEVKJB
|
| 040 |
|
|
|a KEVKJB
|b slo
|c KEVKJB
|e AACR2
|
| 041 |
0 |
|
|a slo
|
| 044 |
|
|
|a xo
|c SK
|
| 080 |
|
|
|a 687:659.153
|2 2011
|
| 245 |
0 |
0 |
|a Uršulínsku ovládla móda inšpirovaná filmom
|c [autor] (ĽB)
|
| 300 |
|
|
|b Fotogr.
|
| 650 |
0 |
7 |
|a módne prehliadky
|2 SNKPH
|9 29508
|
| 650 |
0 |
7 |
|a módne návrhárstvo
|2 SNKPH
|9 86030
|
| 651 |
|
7 |
|a Košice (Slovensko)
|2 SNKPHgeo
|9 18694
|
| 651 |
|
7 |
|a Uršulínska ulica (Košice, Slovensko)
|2 SNKPHgeo
|9 1090535
|
| 773 |
0 |
|
|t košice:dnes
|g Roč. 3, č.
|x 1339-7605
|
| 852 |
|
|
|a KEVKJB
|b KIS3GCP
|
| 856 |
4 |
1 |
|u http://www.kosicednes.sk/foto-udalost-ursulinsku-ovladla-moda-inspirovana-filmom/
|
| 999 |
|
|
|c 2128151
|d 2130081
|